Statistics for FIFA 17 Top 10 French Right Back

Click here to take the quiz!

General Stats

  • This quiz has been taken 69 times
  • The average score is 3 of 10

Answer Stats

Rank Player OVA % Correct
1Bacary Sagna81
79%
2Mathieu Debuchy81
77%
3Christophe Jallet77
59%
4Sébastien Corchia77
33%
6Romain Danzé75
16%
7Jérémy Pied75
16%
9Kévin Théophile-Catherine74
15%
5Abdoulay Konko76
13%
8Youssouf Sabaly74
13%
10Nicolas Frey73
10%

Score Distribution

Percentile by Number Answered

Percent of People with Each Score

Your Score History

You have not taken this quiz